Jurisdicción constitucional y derechos fundamentales

Salvato in:
Dettagli Bibliografici
Autore principale: Starck, Christian
Natura: Sconosciuto
Lingua:inglese
spagnolo
Pubblicazione: Madrid Dykinson 2011
Edizione:Primera edición
Serie:Colección Dykinson-Constitucional
Soggetti:
Tags: Aggiungi Tag
Nessun Tag, puoi essere il primo ad aggiungerne!!

MARC

LEADER 00000 a2200000 4500
003 CL-VaPUC
005 20210504001521.0
008 200102b ||||| |||| 00| 0 eng d
999 |c 375979  |d 375977 
020 |a 9788499820712 
040 |c Pontificia Universidad Católica de Valparaíso 
041 0 |a spa 
082 |a 323.4 STA 2011 
100 1 |a Starck, Christian  |9 604919 
245 |a Jurisdicción constitucional y derechos fundamentales 
250 |a Primera edición 
260 |b Dykinson  |c 2011  |a Madrid 
300 |a 330 p 
490 0 |a Colección Dykinson-Constitucional 
505 0 |a Parte I. Constitución y Tribunales Constitucionales. Capítulo 1. Constitución. Jurisdicción constitucional. Interpretación constitucional (reflexiones en torno a los 25 años de vigencia de la Constitución española). Capítulo 2. Consenso fundamental nacional y tribunales constitucionales (una reflexión jurídica comparada). Capítulo 3. La legitimación de la justicia constitucional y el principio democrático. Capítulo 4. Jurisdicción constitucional y tribunales ordinarios. Parte II. Dignidad humana. Capítulo 5. Introducción a la dignidad humana en el derecho alemán. Capítulo 6. La dignidad del hombre como garantía constitucional, en especial en el derecho alemán. Capítulo 7. garantía de la dignidad humana en la práctica de la biomedicina. Parte III. Derechos fundamentales. Capítulo 8. Los fundamentos filosóficos de los Derechos Humanos. Capítulo 9. Raíces históricas de la libertad religiosa moderna. Capítulo 10. Derechos fundamentales y Derecho privado. Parte IV. Estado y Unión Europea. Capítulo 11. La teoría general del Estado en los tiempos de la Unión Europea. 
583 |k Hugo Gaete  |c 20200102 
650 0 0 |a Derechos humanos  |9 223025 
650 0 0 |a Derechos fundamentales   |9 254841 
650 0 0 |a Dignidad humana   |9 394427 
650 0 0 |a Filosofía del derecho   |9 255050 
942 |2 ddc  |c BK 
952 |0 0  |1 0  |2 ddc  |4 0  |6 323_400000000000000_STA_2011  |7 0  |9 495169  |a BIBDER  |b BIBDER  |d 2019-12-26  |e 36  |g 21768.00  |i 5570786  |o 323.4 STA 2011  |p 5570786  |r 2023-01-25  |t 1  |v 21768.00  |w 2019-12-26  |y BK